00411nam a2200121Ia 45000010005000000080041000050820022000461000068000682450075001362600037002119010026002489990015002744349241024s9999 xx 000 0 und d aRD/780/ES74d/2014 aRepública Dominicana. Escuela Municipal de Música "Gracias" 0aDocumentos de autorización. Escuela Municiapal de Música "Gracias" bSantiago de los Caballerosc2014 a1/9/2016 6:31:21 p.m. c7943d7943